Drahí v regióne. Lacní v Európe
Podľa údajov európskeho štatistického úradu Eurostat mzdové náklady na zamestnanca v Slovenskej republike vyššie ako v Poľsku a Maďarsku. Slovensko dobieha Česko. Mzdové náklady najväčším bremenom pre väčšinu firiem. Riešenie odvodového zaťaženia. Najviac zaťažená práca. Mzdové náklady na zamestnanc...
Gespeichert in:
| 1. Verfasser: | |
|---|---|
| Format: | Buchkapitel |
| Sprache: | Slowakisch |
| Schlagworte: | |
| Tags: |
Keine Tags, Fügen Sie das erste Tag hinzu!
|
MARC
| LEADER | 00000naa a2200000 4500 | ||
|---|---|---|---|
| 001 | 0194219 | ||
| 005 | 20231113101926.2 | ||
| 041 | 0 | |a slo | |
| 044 | |a SK | ||
| 245 | 1 | 0 | |a Drahí v regióne. Lacní v Európe |c Filip Obradovič |
| 520 | |a Podľa údajov európskeho štatistického úradu Eurostat mzdové náklady na zamestnanca v Slovenskej republike vyššie ako v Poľsku a Maďarsku. Slovensko dobieha Česko. Mzdové náklady najväčším bremenom pre väčšinu firiem. Riešenie odvodového zaťaženia. Najviac zaťažená práca. Mzdové náklady na zamestnanca vo vybraných štátoch. | ||
| 610 | 2 | 0 | |a mzdy |
| 610 | 2 | 0 | |a odvody |
| 610 | 2 | 0 | |a dane |
| 610 | 2 | 0 | |a náklady mzdové |
| 610 | 2 | 0 | |a firmy |
| 610 | 2 | 0 | |a zamestnanci |
| 610 | 2 | 0 | |a porovnanie medzinárodné |
| 610 | 2 | 0 | |a Slovensko |
| 100 | 1 | |a Obradovič, Filip | |